US Senators Quiz Stats

 Plays Quiz Updated Jan 20, 2021

Support Sporcle.
Go Orange.
Score 0/100 Timer 10:00
72 Plays Today
Senator % Correct
Kyrsten Sinema
87.4%
Alex Padilla
85.7%
Dianne Feinstein
84.7%
Elizabeth Warren
83.8%
Chuck Schumer
82%
Mitch McConnell
81.9%
Bernie Sanders
79.9%
Marco Rubio
79.7%
Ted Cruz
79.1%
Mark Kelly
77.3%
Lisa Murkowski
77.3%
Tommy Tuberville
77%
Angus King Jr.
76.6%
Susan Collins
76.6%
Rand Paul
75.2%
Tina Smith
75.1%
Sherrod Brown
73.4%
Rick Scott
73.3%
Kirsten Gillibrand
73.2%
Dick Durbin
72.7%
Mitt Romney
72.4%
Lindsey Graham
72.2%
Cory Booker
71.6%
Tim Kaine
70.9%
Tammy Duckworth
70.5%
Chris Murphy
70.4%
Ed Markey
70.3%
Joe Manchin
69.5%
Chuck Grassley
68.2%
Richard Blumenthal
68.1%
Ron Johnson
67.9%
Tom Cotton
67.7%
Catherine Cortez Masto
67.4%
John Hickenlooper
67.2%
Senator % Correct
Tim Scott
66.7%
Mazie Hirono
66.3%
Josh Hawley
66.1%
John Cornyn
65.6%
Bob Menendez
65.5%
Jon Ossoff
65.5%
Amy Klobuchar
65.4%
Pat Toomey
64.9%
Joni Ernst
64.7%
John Neely Kennedy
64.2%
Richard Shelby
63.9%
Patrick Leahy
62.6%
Brian Schatz
62.6%
Mark Warner
61.5%
Michael Bennet
60.9%
Chris Coons
60.5%
Sheldon Whitehouse
60.4%
Shelley Moore Capito
60.3%
Dan Sullivan
59.2%
Mike Lee
58.8%
Tammy Baldwin
58.5%
Jon Tester
58%
Raphael Warnock
57.9%
Marsha Blackburn
57.8%
Richard Burr
57.7%
Rob Portman
57.2%
Debbie Stabenow
57%
Bob Casey Jr.
56.8%
Ben Ray Luján
56.8%
Maggie Hassan
56.8%
Gary Peters
55.8%
John Boozman
55.6%
Mike Braun
55.3%
Bill Cassidy
55.3%
Senator % Correct
Thom Tillis
54.9%
Mike Crapo
54.6%
Chris Van Hollen
54.4%
Bill Hagerty
54.3%
Patty Murray
54.1%
Todd Young
54%
Jeanne Shaheen
53.3%
Roy Blunt
52.9%
Jacky Rosen
52.4%
Deb Fischer
51.7%
Jim Inhofe
51.4%
Cindy Hyde-Smith
50.8%
Tom Carper
50.7%
John Thune
50.5%
Ben Sasse
50.4%
Steve Daines
49.9%
Roger Marshall
49.5%
Ben Cardin
49.4%
Jack Reed
49%
Ron Wyden
48.4%
Maria Cantwell
47.7%
Jerry Moran
47.2%
Cynthia Lummis
47%
Kevin Cramer
47%
Jeff Merkley
46.9%
James Lankford
46.4%
Mike Rounds
45.9%
John Barrasso
44.8%
Martin Heinrich
41.9%
Jim Risch
41.5%
Roger Wicker
41.2%
John Hoeven
37.7%

From the Vault

'A' Literature Match

by sproutcm

These books all got an 'A' for effort!
Remove Ads.
Support Sporcle.
Get the best of Sporcle when you Go Orange. This ad-free experience offers more features, more stats, and more fun while also helping to support Sporcle. Thank you for becoming a member.

Show Comments

Extras

Top Quizzes Today


Score Distribution

Your Account Isn't Verified!

In order to create a playlist on Sporcle, you need to verify the email address you used during registration. Go to your Sporcle Settings to finish the process.

Report this User

Report this user for behavior that violates our Community Guidelines.

Details: